| 000 | 00805nam a2200181 i 4500 | ||
|---|---|---|---|
| 001 | 159155 | ||
| 003 | ES-MaACL | ||
| 005 | 20230906211451.0 | ||
| 008 | 040929s1897 fr a |||| | fre d | ||
| 040 |
_aCAM _bspa _cCAM |
||
| 100 | 1 |
_aMatignon, J. J. _979069 |
|
| 245 | 1 | 0 |
_aLes instruments de chirurgie des chinois / _cpar le Dr. J. J. Matignon. |
| 260 |
_aBordeaux : _b[s.n.], _c1897 ( _fImprimerie G. Gounouilhou) |
||
| 300 |
_a8 p. : _bil. ; _c23 cm. |
||
| 500 | _aExtrait de Archives Cliniques de Bordeaux, sixième année, nº 11, novembre 1897. | ||
| 650 | 4 |
_aMedicina- _xMaterial y equipo. _9152803 |
|
| 852 |
_aES-MaACL _jT-833-F-3 _z-- Enc. hol. conservando la cub. original _z-- Enc. en un vol. facticio _z.- Dedicatoria del autor a Mr. de Calogan .- Sello de la Legación de España en China |
||
| 999 |
_c159155 _d159155 |
||